Membri dei Beatles - Statistics

Statistiche generali
  • Questo quiz è stato fatto 31 volte
  • Il punteggio medio è 4 su 6
Statistiche sulle risposte
Anni Strumento Membro % Corretto
1960-70 Chitarra ritmica, voce John Lennon
93%
1962-70 Batteria Ringo Starr
93%
1960-70 Basso, voce Paul McCartney
81%
1960-70 Chitarra solista, voce George Harrison
70%
1960-62 Batteria Pete Best
26%
1960-61 Basso Stuart Sutcliffe
19%
Nessun quiz corrispondente trovato
Distribuzione punteggi
Percentuale di utenti per punteggio
Percentile per numero di risposta
I tuoi punteggi nel tempo
Non hai fatto questo quiz